Szczegóły MARC21

Zabytki powiatu stargardzkiego /

003 -Nazwa inst., której nr kontr. jest w polu 001 [,]
    • @
    • Nazwa instytucji, której n kontrolny jest w polu 001
    • NUKAT
005 -DATA I CZAS OSTATNIEJ MODYFIKACJI [,]
    • @
    • pole kontrolne
    • 20241231101123.0
020 -Międzynarod. znormalizowany nr książki - ISBN [ , ]
    • a
    • Numer ISBN
    • 9788361456292 Find
040 -Instytucja sporządzająca opis [ , ]
    • a
    • Instytucja, która sporządziła opis (NP)
    • WA M/MM
    • c
    • Instytucja, która sporządziła rekord (NP)
    • WA M/MM
    • d
    • Instytucja, która zmodyfikowała rekord (P)
    • WA M/ES
    • d
    • Instytucja, która zmodyfikowała rekord (P)
    • TOR U/KMos
942 -Rodzaj dokumentu [ , ]
    • c
    • Rodzaj dokumentu
    • Książka
245 -Strefa tytułu i oznaczenia odpowiedzialności [0,0]
    • a
    • Tytuł
    • Zabytki powiatu stargardzkiego / Find
    • c
    • Pozostałe elementy strefy tytułu i oznaczenia odpowiedzialności (NP)
    • [oprac. Marcin Majewski ; fot. współczesne wykonali: Andrzej Bierca et al.].
260 -Strefa adresu wydawniczego [ , ]
    • a
    • Miejsce wydania (P)
    • Stargard :
    • b
    • Nazwa wydawcy (P)
    • Muzeum Archeologiczno-Historyczne :
    • b
    • Nazwa wydawcy (P)
    • Powiat Stargardzki,
    • c
    • Data wydania (P)
    • cop. 2013.
300 -Strefa opisu fizycznego [ , ]
    • a
    • Określenie formy książki i/lub objętość (NP)
    • 93 s. :
    • b
    • Oznaczenie ilustracji (NP)
    • il. kolor. ;
    • c
    • Format (NP)
    • 21x30 cm +
    • e
    • Oznaczenie dokumentu towarzyszącego (NP)
    • Dodatek : 7 s. ; 28 cm.
336 -Typ zawartości [ , ]
    • a
    • Termin opisujący typ zawartości
    • Tekst
    • b
    • Kod określający zawartość
    • txt
    • 2
    • Źródło (terminu i kodu)
    • rdacontent
337 -Typ mediów [ , ]
    • a
    • Tryb odtwarzania
    • Bez urządzenia pośredniczącego
    • b
    • Kod typu mediów
    • n
    • 2
    • Źródło (terminu i kodu)
    • rdamedia
338 -Typ/rodzaj nośnika [ , ]
    • a
    • Hasło opisujące typ nośnika
    • Wolumin
    • b
    • Kod typu nośnika
    • nc
    • 2
    • Źródło (terminu i kodu)
    • rdacarrier
380 -Deskryptor - Forma dzieła (P) [ , ]
    • a
    • forma dzieła (NP)
    • Książki
500 -Uwaga ogólna [ , ]
    • a
    • Uwaga ogólna (NP)
    • Tyt. dodatku: Instrukcja dla właścicieli obiektów sakralnych w zakresie przeciwdziałania przestępczości i pożarom. Katalog zabytków ruchomych zaginionych z terenu powiatu stargardzkiego.
500 -Uwaga ogólna [ , ]
    • a
    • Uwaga ogólna (NP)
    • Nazwy wydawców w cop.
650 -Hasło przedmiotowe [ ,7]
    • a
    • Hasło przedmiotowe
    • Budownictwo
    • 2
    • Źródło terminu
    • DBN
    • 9
    • KHW
    • 725909
650 -Hasło przedmiotowe [ ,7]
    • a
    • Hasło przedmiotowe
    • Dwory
    • 2
    • Źródło terminu
    • DBN
    • 9
    • KHW
    • 734056
650 -Hasło przedmiotowe [ ,7]
    • a
    • Hasło przedmiotowe
    • Kościoły i kaplice
    • 2
    • Źródło terminu
    • DBN
    • 9
    • KHW
    • 725496
650 -Hasło przedmiotowe [ ,7]
    • a
    • Hasło przedmiotowe
    • Sztuka
    • z
    • Określnik geograficzny
    • Polska
    • z
    • Określnik geograficzny
    • Stargardzki, Powiat
    • v
    • Określnik formalny
    • wydawnictwa ilustrowane.
    • 2
    • Źródło terminu
    • kaba
    • 9
    • KHW
    • 739451
651 -Hasło przedmiotowe w formie nazwy geograficznej [ ,7]
    • a
    • Nazwa geograficzna
    • Polska
    • 2
    • Źródło terminu
    • DBN
    • 9
    • KHW
    • 721438
651 -Hasło przedmiotowe w formie nazwy geograficznej [ ,7]
    • a
    • Nazwa geograficzna
    • Stargard (woj. zachodniopomorskie)
    • 2
    • Źródło terminu
    • DBN
    • 9
    • KHW
    • 722129
655 -Hasło w funkcji tematu formalnego [ ,7]
    • a
    • Hasło
    • Wydawnictwa popularne
    • 2
    • Źródło terminu
    • DBN
    • 9
    • KHW
    • 724034
658 -Ujęcie treści [ , ]
    • a
    • dziedzina nauki i sztuki/ sfera aktywności życiowej
    • Architektura i budownictwo
700 -Hasło dodatkowe - nazwa osobowa [1, ]
    • a
    • Nazwa osobowa (NP)
    • Majewski, Marcin Find
    • d
    • Daty biograficzne (NP)
    • (1975- ).
    • e
    • Określenie rodzaju współpracy
    • Oprac.
    • 9
    • KHW
    • 43840
700 -Hasło dodatkowe - nazwa osobowa [1, ]
    • a
    • Nazwa osobowa (NP)
    • Bierca, Andrzej Find
    • d
    • Daty biograficzne (NP)
    • (1974- ).
    • e
    • Określenie rodzaju współpracy
    • Fot.
    • 9
    • KHW
    • 11478
710 -Hasło dodatkowe - nazwa ciała zbiorowego [1, ]
    • a
    • Nazwa ciała zbiorowego lub nazwa geograficzna jako pierwszy element (NP)
    • Powiat Stargardzki (Polska).
    • b
    • Nazwa jednostki podrzędnej (P)
    • Starostwo Powiatowe.
    • 4
    • Kod relacji
    • pbl
    • 9
    • KHW
    • 100172
920 -ISBN [ , ]
    • a
    • ISBN
    • 978-83-61456-29-2 Find
informacje dla studenta - widoczne w OPAC Status udost. Numer inwentarzowy Data inwentaryzacji Lokalizacja
BRAK DODATKU1Z.1273572026-02-13BG